000 00710nam a2200193 i 4500
001 189127
003 SpMaBN
005 20230906223403.0
008 190403s1953 sp |||| | spa d
080 _a027(460.27 M.)
245 0 0 _aGuía de las bibliotecas de Madrid.
246 3 _iTít. de anteport.
_aGuía de las bibliotecas de Madrid (capital)
260 _aMadrid :
_bDirección General de Archivos y Bibliotecas, Servicio de Publicaciones del Ministerio de Educación Nacional,
_c1953.
300 _aXII, 556 p. ;
_c21 cm.
500 _aÍndice.
650 7 _aBibliotecas-
_zMadrid.
_9142359
710 1 _aEspaña.
_bDirección General de Archivos y Bibliotecas.
_93701
852 _aES-MaACL
_jL-32289
999 _c189127
_d189127